Statistics for Word Chain - India

Click here to take the quiz!

General Stats

  • This quiz has been taken 1,690 times
  • The average score is 17 of 24

Answer Stats

HintAnswer% Correct
The other official languageHindi
97%
Currency of IndiaRupee
97%
India gets its name from this riverIndus
92%
National animalTiger
91%
Second largest religionIslam
89%
Location of Taj MahalAgra
88%
Vedas are written in this languageSanskrit
88%
Largest mammalElephant
87%
Female Prime Minister GandhiIndira
85%
One of its official languagesEnglish
84%
Toga-like garment worn by womenSari
84%
Sacred flower of Hinduism and
India's national flower
Lotus
83%
Greek conqueror who invaded IndiaAlexander
81%
Major language of southern IndiaTamil
80%
Gandhi’s first nameMohandas
72%
One of the principal deities of HinduismShiva
63%
The U in UPUttar
59%
Nomadic European ethnic group
that originally came from India
Romani
51%
City where Gandhi started
his Salt March
Ahmedabad
50%
Powerful political familyNehru
45%
State in which the above is situatedRajasthan
39%
Term for the "Untouchable"
castes of India
Dalit
37%
Desert between India and Pakistan,
also known as "Great Indian Desert"
Thar
32%
Biggest city in Madhya PradeshIndore
31%

Score Distribution

Percentile by Number Answered

Percent of People with Each Score

Your Score History

You have not taken this quiz